Robes of elegance : Japanese kimonos of the 16th-20th centuries /

Bibliographic Details
Main Author: Ishimura, Hayao
Corporate Author: North Carolina Museum of Art
Other Authors: Maruyama, Nobuhiko, Yamanobe, Tomoyuki, 1906-2004
Format: Book
Language:English
Published: Raleigh : North Carolina Museum of Art, [1988]
Subjects:

MARC

Tag First Indicator Second Indicator Subfields
LEADER 00000cam a2200000 a 4500
001 in00000017896
005 20151007053106.0
008 880323s1988 ncua c 00010 eng d
010 |a  87062987  
020 |a 0882599550 
035 |a (OCoLC)17665650 
035 |9 AAB0374AM 
040 |a WAU  |c PCT  |d WAU  |d TXA  |d UtOrBLW 
041 1 |a eng  |h jpn 
043 |a a-ja--- 
049 |a TXAM  |c [A11040785] 
050 4 |a GT1560  |b .I84 1988 
100 1 |a Ishimura, Hayao. 
245 1 0 |a Robes of elegance :  |b Japanese kimonos of the 16th-20th centuries /  |c Ishimura Hayao and Maruyama Nobuhiko ; with essays by Yamanobe Tomoyuki ; [translated by Haruko Ward]. 
264 1 |a Raleigh :  |b North Carolina Museum of Art,  |c [1988] 
264 4 |c ©1988 
300 |a xv, 246 pages :  |b color illustrations ;  |c 25 cm. 
336 |a text  |b txt  |2 rdacontent 
337 |a unmediated  |b n  |2 rdamedia 
338 |a volume  |b nc  |2 rdacarrier 
500 |a "Published in conjunction with the exhibition organized by the North Carolina Museum of Art in association with the National Museum of Japanese History, Sakura, assisted by the National Museum of Modern Art, Tokyo [March 12-June 19, 1988]." 
650 0 |a Kimonos  |v Exhibitions. 
650 0 |a Costume  |z Japan  |x Exhibitions. 
700 1 |a Maruyama, Nobuhiko. 
700 1 |a Yamanobe, Tomoyuki,  |d 1906-2004. 
710 2 |a North Carolina Museum of Art. 
999 |a MARS 
999 f f |s 64dd1709-ad1e-3ddb-ab7c-15535e59fd45  |i aeba813b-ee2f-3ecd-b83a-cbce1bfde80b  |t 0 
952 f f |p normal  |a Texas A&M University  |b College Station  |c Sterling C. Evans Library  |d Evans: Library Stacks  |t 0  |e GT1560 .I84 1988  |h Library of Congress classification  |i unmediated -- volume  |m A14811040785 
998 f f |a GT1560 .I84 1988  |t 0  |l Evans: Library Stacks